[Event "Bundesliga 2024-25"]
[Site "Dresden GER"]
[Date "2024.10.05"]
[Round "1.6"]
[Board "4"]
[White "Ikonnikov, Vyacheslav"]
[Black "Krause, Benedict"]
[Result "1/2-1/2"]
[WhiteTitle "GM"]
[BlackTitle "IM"]
[WhiteElo "2465"]
[BlackElo "2404"]
[WhiteTeam "SF Bad Mergentheim"]
[BlackTeam "FC St. Pauli"]
[WhiteFideId "4100972"]
[BlackFideId "12917990"]
[EventDate "2024.10.05"]
[EventType "team"]

1. e4 c5 2. Nf3 e6 3. c4 Nc6 4. Nc3 Nf6 5. d4 cxd4 6. Nxd4 Bc5 7. Nb3 Bb4 8. Bd3
d5 9. exd5 exd5 10. O-O dxc4 11. Qe2+ Qe7 12. Qxe7+ Bxe7 13. Bxc4 O-O 14. Re1
Bf5 15. Bb5 Bb4 16. Bxc6 bxc6 17. Be3 Bxc3 18. bxc3 Be6 19. Na5 Rfc8 20. c4 c5
21. Bf4 Nd7 22. Rac1 Nb6 23. h3 Rd8 24. Re5 Rac8 25. Be3 Rc7 26. Bf4 Rcc8 27.
Be3 Rc7 28. Re4 h6 29. g4 Rcd7 30. Bxc5 Rd1+ 31. Rxd1 Rxd1+ 32. Kh2 Rc1 33. Be3
Rc2 34. a3 Nxc4 35. Nxc4 Bxc4 36. Bxa7 Bd5 37. Re5 Bc6 38. Kg3 Rc3+ 39. Re3
Rxe3+ 40. Bxe3 g5 41. Bd4 Bd7 42. h4 gxh4+ 43. Kxh4 f5 44. gxf5 Bxf5 45. a4 Kf7
46. a5 Bd3 47. Kh5 Ke6 48. Kxh6 Kd7 49. f4 Kc8 50. Kg5 Kb7 51. f5 Bxf5 52. Kxf5
Ka8 1/2-1/2

[Event "Bundesliga 2024-25"]
[Site "Dresden GER"]
[Date "2024.10.05"]
[Round "1.6"]
[Board "5"]
[White "Socko, Monika"]
[Black "Neuman, Petr"]
[Result "1/2-1/2"]
[WhiteTitle "GM"]
[BlackTitle "GM"]
[WhiteElo "2422"]
[BlackElo "2422"]
[WhiteTeam "FC St. Pauli"]
[BlackTeam "SF Bad Mergentheim"]
[WhiteFideId "1106619"]
[BlackFideId "305243"]
[EventDate "2024.10.05"]
[EventType "team"]

1. d4 d5 2. Nf3 Nf6 3. g3 g6 4. Bg2 Bg7 5. O-O O-O 6. c4 c6 7. b3 Bf5 8. Nc3 Ne4
9. Bb2 Nxc3 10. Bxc3 Be4 11. Rc1 e6 12. e3 Nd7 13. Qe2 f5 14. Ne1 Bxg2 15. Nxg2
g5 16. Bb4 Rf7 17. Bd6 Bf8 18. cxd5 exd5 19. Be5 g4 20. f3 gxf3 21. Rxf3 Nxe5
22. dxe5 Qe7 23. Rcf1 Qxe5 24. Nh4 Re8 25. Nxf5 Kh8 26. g4 Bg7 27. Qg2 Ref8 28.
Qh3 Qe6 29. Qh4 Qg6 30. Qg3 Qe6 31. Kg2 Qe5 32. Rf4 Qe6 33. Qh4 Be5 34. R4f3 c5
35. Qh5 Rf6 36. Nh4 Rg8 37. Rf5 Rh6 38. Rxe5 Rxh5 39. Rxe6 Rxg4+ 40. Kh1 Rhxh4
41. Rf7 Re4 42. Rd6 Rhg4 43. Rd8+ Rg8 44. Rdd7 Rg6 45. Rd8+ Rg8 46. Rdd7 Rg6 47.
Rd8+ 1/2-1/2

[Event "Bundesliga 2024-25"]
[Site "Dresden GER"]
[Date "2024.10.05"]
[Round "1.6"]
[Board "6"]
[White "Vlasak, Lukas"]
[Black "Sawatzki, Frank"]
[Result "1/2-1/2"]
[WhiteTitle "IM"]
[BlackTitle "FM"]
[WhiteElo "2461"]
[BlackElo "2354"]
[WhiteTeam "SF Bad Mergentheim"]
[BlackTeam "FC St. Pauli"]
[WhiteFideId "324752"]
[BlackFideId "4613600"]
[EventDate "2024.10.05"]
[EventType "team"]

1. e4 c5 2. Nf3 Nc6 3. Bb5 Nf6 4. Bxc6 dxc6 5. d3 Bg4 6. Nbd2 e6 7. h3 Bh5 8.
Qe2 Be7 9. g4 Bg6 10. Nc4 Nd7 11. Bf4 Nb6 12. h4 Nxc4 13. dxc4 h5 14. g5 Bd6 15.
Bd2 Qe7 16. O-O-O O-O-O 17. Ne1 e5 18. Rg1 Rhg8 19. Nd3 Qe6 20. b3 f5 21. gxf6
gxf6 22. Rg3 Bh7 23. Rdg1 Rxg3 24. Rxg3 Rg8 25. Rxg8+ Qxg8 26. f3 Qg1+ 27. Kb2
b6 28. a3 Qg6 29. Qe3 Kb7 30. Be1 Bc7 31. Bc3 Bd6 32. Qf2 Qg7 33. Qh2 Qg6 34.
Qh3 Qe8 35. Nc1 b5 36. Qf1 b4 37. Bd2 f5 38. Qd3 Qe6 39. Ne2 f4 40. Be1 Be7 41.
Bf2 Kc7 42. axb4 cxb4 43. Qd1 Qh3 44. Qa1 Qxf3 45. Qxa7+ Kd8 46. Qb8+ Kd7 47.
Qb7+ Ke8 48. Qxc6+ Kf7 49. Qd5+ Kg7 50. Qb7 Kf8 51. Qa8+ Kf7 52. Qd5+ Kg7 53.
Qb7 1/2-1/2

[Event "Bundesliga 2024-25"]
[Site "Dresden GER"]
[Date "2024.10.05"]
[Round "1.6"]
[Board "7"]
[White "Krause, Jonah"]
[Black "Nemec, Jachym"]
[Result "1/2-1/2"]
[WhiteTitle "FM"]
[BlackTitle "FM"]
[WhiteElo "2350"]
[BlackElo "2414"]
[WhiteTeam "FC St. Pauli"]
[BlackTeam "SF Bad Mergentheim"]
[WhiteFideId "12907910"]
[BlackFideId "23716525"]
[EventDate "2024.10.05"]
[EventType "team"]

1. d4 Nf6 2. c4 e6 3. Nf3 d5 4. Nc3 Nbd7 5. Bf4 dxc4 6. e3 Nd5 7. Bxc4 Nxf4 8.
exf4 c6 9. O-O Be7 10. Bb3 O-O 11. Rc1 Nf6 12. Ne5 Qd6 13. Qd3 g6 14. Rfd1 Bd7
15. Qf3 Rfd8 16. h4 Be8 17. a3 Rac8 18. g3 h5 19. Rd3 Kg7 20. Re1 Qc7 21. Ne4
Nxe4 22. Qxe4 Rd6 23. Nc4 Rd7 24. Ne5 Rd6 25. Nc4 Rd7 26. Ne5 Rd6 1/2-1/2

[Event "Bundesliga 2024-25"]
[Site "Dresden GER"]
[Date "2024.10.05"]
[Round "1.6"]
[Board "8"]
[White "Kusa, Jakub"]
[Black "Voigt, Martin"]
[Result "1-0"]
[WhiteTitle "FM"]
[BlackTitle "FM"]
[WhiteElo "2402"]
[BlackElo "2316"]
[WhiteTeam "SF Bad Mergentheim"]
[BlackTeam "FC St. Pauli"]
[WhiteFideId "395595"]
[BlackFideId "4607228"]
[EventDate "2024.10.05"]
[EventType "team"]

1. d4 d5 2. Nf3 Bf5 3. c4 e6 4. Nc3 c6 5. Qb3 Qc7 6. g3 Nf6 7. Bf4 Qb6 8. c5
Qxb3 9. axb3 Na6 10. e4 Nb4 11. exf5 Nc2+ 12. Kd1 Nxa1 13. Nd2 exf5 14. Kc1 b5
15. Kb1 b4 16. Nd1 Nxb3 17. Nxb3 a5 18. Nc1 Nd7 19. Nd3 f6 20. Ne3 g6 21. h4 h5
22. Be2 Kf7 23. Bd1 Bg7 24. Ba4 Rac8 25. Nxd5 Nxc5 26. Nxc5 cxd5 27. Bd7 Bf8 28.
Be6+ Kg7 29. Bxc8 Bxc5 30. Rc1 1-0

[Event "Bundesliga 2024-25"]
[Site "Munich GER"]
[Date "2024.10.05"]
[Round "1.7"]
[Board "1"]
[White "Kasimdzhanov, Rustam"]
[Black "Tabatabaei, M. Amin"]
[Result "1-0"]
[WhiteTitle "GM"]
[BlackTitle "GM"]
[WhiteElo "2685"]
[BlackElo "2714"]
[WhiteTeam "OSG Baden-Baden"]
[BlackTeam "FC Bayern Muenchen"]
[WhiteFideId "14200244"]
[BlackFideId "12521213"]
[EventDate "2024.10.05"]
[EventType "team"]

1. e4 c5 2. a4 e6 3. f4 Nc6 4. Nf3 d5 5. d3 Be7 6. Be2 Nh6 7. O-O O-O 8. Ne5 Nd4
9. Nc3 f6 10. Nf3 Nxe2+ 11. Qxe2 d4 12. Nd1 Nf7 13. Nf2 b6 14. Bd2 Qd7 15. Nh1
f5 16. Ng3 g6 17. a5 b5 18. b4 Re8 19. Kh1 a6 20. bxc5 Bxc5 21. c3 dxc3 22. Bxc3
Bb7 23. Rab1 Rac8 24. Ba1 Bf8 25. Qb2 Qxd3 26. Rbd1 Qa3 27. Qf6 Qe7 28. Qb2 Rc4
29. exf5 Bxf3 30. gxf3 exf5 31. Nh5 Rc6 32. Nf6+ Rxf6 33. Qxf6 Qc7 34. Rg1 Bh6
35. Rde1 Qc8 36. Bc3 b4 37. Rxg6+ 1-0

[Event "Bundesliga 2024-25"]
[Site "Munich GER"]
[Date "2024.10.05"]
[Round "1.7"]
[Board "2"]
[White "Fedoseev, Vladimir3"]
[Black "Deac, Bogdan-Daniel"]
[Result "1/2-1/2"]
[WhiteTitle "GM"]
[BlackTitle "GM"]
[WhiteElo "2692"]
[BlackElo "2680"]
[WhiteTeam "FC Bayern Muenchen"]
[BlackTeam "OSG Baden-Baden"]
[WhiteFideId "24130737"]
[BlackFideId "1226380"]
[EventDate "2024.10.05"]
[EventType "team"]

1. d4 Nf6 2. Nf3 d5 3. c4 e6 4. g3 Be7 5. Bg2 O-O 6. Qc2 c5 7. dxc5 Qa5+ 8. Qc3
Qxc5 9. cxd5 Nxd5 10. Qxc5 Bxc5 11. Bd2 Nc6 12. Nc3 Rd8 13. a3 Be7 14. Nxd5 exd5
15. Rd1 Bf6 16. Bg5 Bxg5 17. Nxg5 h6 18. Nh3 d4 19. Nf4 Bf5 20. O-O Rac8 21. Rc1
g5 22. Nd3 Re8 23. Rfe1 Ne5 24. Rxc8 Bxc8 25. Nxe5 Rxe5 26. Kf1 Rc5 27. Be4 Bh3+
28. Kg1 a5 29. f3 Be6 30. Rd1 Rb5 31. Rd2 Kg7 32. Kf2 Kf6 33. f4 gxf4 34. gxf4
Ke7 35. Bf3 Rb3 36. Ke1 b5 37. Kd1 b4 38. a4 Bd7 39. Kc1 Bxa4 40. Rxd4 Re3 41.
Kd2 Rb3 42. Kc1 Re3 1/2-1/2

[Event "Bundesliga 2024-25"]
[Site "Munich GER"]
[Date "2024.10.05"]
[Round "1.7"]
[Board "3"]
[White "Vitiugov, Nikita"]
[Black "Santos Latasa, Jaime"]
[Result "1/2-1/2"]
[WhiteTitle "GM"]
[BlackTitle "GM"]
[WhiteElo "2676"]
[BlackElo "2624"]
[WhiteTeam "OSG Baden-Baden"]
[BlackTeam "FC Bayern Muenchen"]
[WhiteFideId "4152956"]
[BlackFideId "2293307"]
[EventDate "2024.10.05"]
[EventType "team"]

1. e4 e5 2. Nf3 Nc6 3. Bb5 a6 4. Ba4 Nf6 5. O-O Nxe4 6. d4 b5 7. Bb3 d5 8. dxe5
Be6 9. Nbd2 Nc5 10. c3 d4 11. Bc2 Be7 12. Nb3 d3 13. Bb1 Nxb3 14. axb3 Bf5 15.
Re1 O-O 16. Be3 Qd5 17. b4 Qd7 18. h4 Rfd8 19. Bf4 h6 20. h5 Bf8 21. Re3 Be7 22.
Ba2 Qc8 23. e6 fxe6 24. Qe1 Bd6 25. Rxe6 Kh8 26. Nh4 Bh7 27. Qe3 Bxf4 28. Qxf4
Qd7 29. Rd1 Re8 30. Qe3 Rxe6 31. Bxe6 Qe8 32. Ng6+ Bxg6 33. hxg6 Qxg6 34. Bd5
Rd8 35. Be4 Qf6 36. Rxd3 Re8 37. f3 Ne5 38. Rd1 Nc4 39. Qf2 Nd6 40. Bb1 g6 41.
Bd3 Re7 42. Ra1 Nf5 43. Bxf5 gxf5 44. Rd1 Kh7 45. Rd5 f4 46. Qc2+ Kg7 47. Qf5
Qh4 48. Re5 Rxe5 49. Qxe5+ Kg6 50. Qe6+ Qf6 51. Qe4+ Kg7 52. Qd5 Qd6 53. Qf5 Qf6
54. Qd7+ Qf7 55. Qc8 h5 56. Kh2 Qe7 57. Kh3 Qe5 58. Qd7+ Kf6 59. Qd8+ Kg6 60.
Qg8+ Kh6 61. Qf8+ Kg6 62. Qg8+ Kh6 63. Qf7 Qg5 64. Qf8+ Kh7 65. Qf7+ Kh6 66.
Qf8+ 1/2-1/2

[Event "Bundesliga 2024-25"]
[Site "Munich GER"]
[Date "2024.10.05"]
[Round "1.7"]
[Board "4"]
[White "Dragnev, Valentin"]
[Black "Bacrot, Etienne"]
[Result "1/2-1/2"]
[WhiteTitle "GM"]
[BlackTitle "GM"]
[WhiteElo "2556"]
[BlackElo "2665"]
[WhiteTeam "FC Bayern Muenchen"]
[BlackTeam "OSG Baden-Baden"]
[WhiteFideId "1634852"]
[BlackFideId "605506"]
[EventDate "2024.10.05"]
[EventType "team"]

1. e4 c5 2. Nf3 e6 3. g3 Nc6 4. Bg2 Nf6 5. Nc3 d5 6. exd5 exd5 7. d4 h6 8. O-O
c4 9. Re1+ Be6 10. Ne5 Be7 11. Ng6 Bg4 12. Nxe7 Nxe7 13. Qd2 O-O 14. b3 cxb3 15.
axb3 Re8 16. Ba3 Be6 17. Na4 b6 18. Nc3 Qd7 19. Bf1 Nc6 20. f3 Bh3 21. Bb5 a6
22. Be2 Bf5 23. Nd1 Qe6 24. Bb2 a5 25. c3 Nh7 26. Nf2 Ng5 27. g4 Bh7 28. h4 Qxe2
29. Qxe2 Rxe2 30. Rxe2 Nxf3+ 31. Kf1 Rc8 32. h5 f5 33. gxf5 Bxf5 34. Kg2 Ng5 35.
Rae1 Kf7 36. Ba3 Nh7 37. Be7 b5 38. Re3 Bc2 39. Rf3+ Kg8 40. b4 a4 41. Bh4 Ra8
42. Rc1 Bb3 43. Nd3 a3 44. Nc5 Bc4 45. Nd7 Be2 46. Re3 Bxh5 47. Nb6 Rb8 48. Nd7
Ra8 49. Nb6 Rb8 50. Nd7 1/2-1/2

[Event "Bundesliga 2024-25"]
[Site "Munich GER"]
[Date "2024.10.05"]
[Round "1.7"]
[Board "5"]
[White "Shirov, Alexei"]
[Black "Girel, Joseph"]
[Result "1/2-1/2"]
[WhiteTitle "GM"]
[BlackTitle "IM"]
[WhiteElo "2666"]
[BlackElo "2482"]
[WhiteTeam "OSG Baden-Baden"]
[BlackTeam "FC Bayern Muenchen"]
[WhiteFideId "2209390"]
[BlackFideId "36033561"]
[EventDate "2024.10.05"]
[EventType "team"]

1. e4 c5 2. Nf3 Nc6 3. Bb5 e6 4. O-O Nge7 5. d4 cxd4 6. Nxd4 Ng6 7. Be3 Be7 8.
c4 O-O 9. Nc3 Qc7 10. Rc1 Nxd4 11. Bxd4 b6 12. Qd2 Bb7 13. f4 f5 14. e5 d6 15.
exd6 Bxd6 16. g3 Rad8 17. Qe3 Kh8 18. Rcd1 Ba8 19. Qxe6 Bc5 20. Bxc5 Qxc5+ 21.
Rf2 Rxd1+ 22. Nxd1 Rd8 23. Nc3 Rd2 24. Qe1 Rxb2 25. Na4 Qxf2+ 26. Qxf2 Rb1+ 27.
Qf1 Rxf1+ 28. Kxf1 Nf8 29. c5 bxc5 30. Nxc5 Bd5 31. a4 Kg8 32. Ke2 Kf7 33. Kd3
Ne6 34. Nxe6 Kxe6 35. Kd4 Kd6 36. a5 Be6 37. Bd3 h6 38. h4 Bc8 39. Bb5 Be6 40.
Be8 Bg8 41. Bg6 Be6 42. Bh7 Bd7 43. Kc4 Kc6 44. Bg8 Kd6 45. Bf7 Bc6 46. Kb4 Bd7
47. Bc4 Be8 48. Bb5 Bxb5 49. Kxb5 h5 50. Ka6 Kc6 51. Kxa7 Kc7 1/2-1/2

[Event "Bundesliga 2024-25"]
[Site "Munich GER"]
[Date "2024.10.05"]
[Round "1.7"]
[Board "6"]
[White "Kurmann, Oliver"]
[Black "Donchenko, Alexander"]
[Result "1/2-1/2"]
[WhiteTitle "IM"]
[BlackTitle "GM"]
[WhiteElo "2421"]
[BlackElo "2638"]
[WhiteTeam "FC Bayern Muenchen"]
[BlackTeam "OSG Baden-Baden"]
[WhiteFideId "1308173"]
[BlackFideId "24603295"]
[EventDate "2024.10.05"]
[EventType "team"]

1. e4 c5 2. Nf3 d6 3. Nc3 Nf6 4. d4 cxd4 5. Qxd4 Nc6 6. Bb5 Bd7 7. Bxc6 Bxc6 8.
Bg5 e6 9. O-O-O Be7 10. Rhe1 O-O 11. e5 dxe5 12. Nxe5 Qc7 13. Qc4 Rac8 14. Nxc6
Qxc6 15. Qxc6 Rxc6 16. Ne4 Rfc8 17. Re2 Kf8 18. Nxf6 Bxf6 19. Bxf6 gxf6 20. Rd3
Rc5 21. Rd7 R8c7 22. Rxc7 Rxc7 23. Re3 Rc5 24. Kd2 Rh5 25. h3 Ra5 26. a3 Rf5 27.
Ke2 Rc5 28. c3 Rg5 29. g3 Rh5 30. Re4 1/2-1/2

[Event "Bundesliga 2024-25"]
[Site "Munich GER"]
[Date "2024.10.05"]
[Round "1.7"]
[Board "7"]
[White "Hagner, Bennet"]
[Black "Fedorovsky, Michael"]
[Result "1-0"]
[WhiteTitle "FM"]
[BlackTitle "IM"]
[WhiteElo "2311"]
[BlackElo "2414"]
[WhiteTeam "OSG Baden-Baden"]
[BlackTeam "FC Bayern Muenchen"]
[WhiteFideId "16224477"]
[BlackFideId "14105454"]
[EventDate "2024.10.05"]
[EventType "team"]

1. e4 c5 2. Nf3 d6 3. d4 cxd4 4. Nxd4 Nf6 5. Nc3 g6 6. Be3 Bg7 7. f3 O-O 8. Qd2
Nc6 9. Bc4 Nxd4 10. Bxd4 Be6 11. Bb3 Qa5 12. O-O-O b5 13. Kb1 b4 14. Bxe6 fxe6
15. Ne2 Qb5 16. Rc1 a5 17. c4 bxc3 18. Nxc3 Qb4 19. Rhd1 Rab8 20. Rc2 Nd7 21.
Ne2 Qxd2 22. Rdxd2 Rb7 23. Rc6 Ne5 24. Rc3 Rfb8 25. Rdc2 Kf7 26. Ra3 Rb5 27. f4
Nc6 28. Rxc6 Rxb2+ 29. Bxb2 Rxb2+ 30. Kc1 Rxe2 31. Rxa5 Rxg2 32. Rc2 Rg4 33. Rf2
Bh6 34. Kc2 Bxf4 35. a4 e5 36. Rb5 Rg1 37. Rb1 Rg4 38. a5 Ke6 39. Re2 Bg5 40. a6
Rf4 41. a7 1-0

[Event "Bundesliga 2024-25"]
[Site "Munich GER"]
[Date "2024.10.05"]
[Round "1.7"]
[Board "8"]
[White "Rafiee, Makan"]
[Black "Kocharin, Timur"]
[Result "1/2-1/2"]
[WhiteTitle "FM"]
[BlackTitle "FM"]
[WhiteElo "2285"]
[BlackElo "2234"]
[WhiteTeam "FC Bayern Muenchen"]
[BlackTeam "OSG Baden-Baden"]
[WhiteFideId "24609340"]
[BlackFideId "16240936"]
[EventDate "2024.10.05"]
[EventType "team"]

1. e4 c5 2. Nf3 Nc6 3. d4 cxd4 4. Nxd4 Nf6 5. Nc3 e5 6. Ndb5 d6 7. Bg5 a6 8. Na3
b5 9. Nd5 Be7 10. Bxf6 Bxf6 11. c4 b4 12. Nc2 O-O 13. g3 Be6 14. Bg2 Bxd5 15.
Qxd5 Nd4 16. Nxd4 exd4 17. e5 Qe7 18. Qxd6 Qxd6 19. exd6 Rac8 20. b3 Rfd8 21.
Bh3 Rc5 22. d7 g6 23. Kd2 Be5 24. a3 bxa3 25. Rxa3 a5 26. Kd3 f5 27. Rha1 Bc7
28. Kxd4 Bb6 29. Kc3 Rxd7 30. b4 axb4+ 31. Kxb4 Rcc7 32. Ra8+ Kg7 33. R1a2 Bc5+
34. Kc3 Bd4+ 35. Kb3 Rb7+ 36. Kc2 1/2-1/2

[Event "Bundesliga 2024-25"]
[Site "Munich GER"]
[Date "2024.10.05"]
[Round "1.8"]
[Board "1"]
[White "Bluebaum, Matthias"]
[Black "Narayanan, S.L."]
[Result "1/2-1/2"]
[WhiteTitle "GM"]
[BlackTitle "GM"]
[WhiteElo "2640"]
[BlackElo "2640"]
[WhiteTeam "Schachfreunde Deizisau"]
[BlackTeam "SV Deggendorf"]
[WhiteFideId "24651516"]
[BlackFideId "5058422"]
[EventDate "2024.10.05"]
[EventType "team"]

1. Nf3 Nf6 2. c4 c5 3. Nc3 Nc6 4. e3 e6 5. d4 d5 6. cxd5 exd5 7. Bb5 cxd4 8.
Nxd4 Bd7 9. O-O Bd6 10. Nf3 a6 11. Bxc6 Bxc6 12. b3 O-O 13. Bb2 Re8 14. Qd4 Qe7
15. Rfd1 Rad8 16. Ne2 Bc5 17. Qf4 Ne4 18. Ng3 Nxg3 19. Qxg3 f6 20. Nd4 Bd7 21.
Ne2 Bb5 22. Nd4 Bd7 23. Ne2 Bb5 24. Nd4 1/2-1/2

[Event "Bundesliga 2024-25"]
[Site "Munich GER"]
[Date "2024.10.05"]
[Round "1.8"]
[Board "2"]
[White "Ghosh, Diptayan"]
[Black "Gledura, Benjamin"]
[Result "1/2-1/2"]
[WhiteTitle "GM"]
[BlackTitle "GM"]
[WhiteElo "2566"]
[BlackElo "2628"]
[WhiteTeam "SV Deggendorf"]
[BlackTeam "Schachfreunde Deizisau"]
[WhiteFideId "5045207"]
[BlackFideId "712779"]
[EventDate "2024.10.05"]
[EventType "team"]

1. d4 Nf6 2. c4 e6 3. Nc3 Bb4 4. e3 b6 5. Ne2 Ba6 6. a3 Be7 7. Nf4 O-O 8. Bd3 d5
9. cxd5 Bxd3 10. Qxd3 exd5 11. O-O Bd6 12. Ncxd5 Nxd5 13. Nxd5 Bxh2+ 14. Kxh2
Qxd5 15. e4 Qd6+ 16. Kg1 c5 17. Rd1 cxd4 18. Qxd4 Qxd4 19. Rxd4 Nc6 20. Rd6 Rac8
21. Bf4 Rfd8 22. Rxd8+ 1/2-1/2

[Event "Bundesliga 2024-25"]
[Site "Munich GER"]
[Date "2024.10.05"]
[Round "1.8"]
[Board "3"]
[White "Banusz, Tamas"]
[Black "Sankalp, Gupta"]
[Result "0-1"]
[WhiteTitle "GM"]
[BlackTitle "GM"]
[WhiteElo "2605"]
[BlackElo "2534"]
[WhiteTeam "Schachfreunde Deizisau"]
[BlackTeam "SV Deggendorf"]
[WhiteFideId "722413"]
[BlackFideId "5097010"]
[EventDate "2024.10.05"]
[EventType "team"]

1. c4 e6 2. g3 d5 3. Bg2 d4 4. Nf3 Nf6 5. d3 Bb4+ 6. Bd2 a5 7. O-O O-O 8. e3
Bxd2 9. Qxd2 Nc6 10. Re1 e5 11. exd4 exd4 12. Na3 Nd7 13. Nb5 Nc5 14. Rad1 Ra6
15. Qg5 Qxg5 16. Nxg5 Nb4 17. Nxc7 Rg6 18. Nf3 Nbxd3 19. Re2 Bg4 20. Nd5 Re6 21.
Rdd2 Bxf3 22. Bxf3 Ne5 23. Rxe5 Rxe5 24. Rxd4 Re1+ 25. Kg2 h6 26. Nc3 Rfe8 27.
h4 Rc1 28. Rd5 b6 29. Rd2 Kf8 30. h5 Rb8 31. Bd1 Ne6 32. Ba4 Rd8 33. Re2 Rd4 34.
Bb3 Nc5 35. Na4 Nxa4 36. Bxa4 Rd8 37. b3 Rcd1 38. Re5 R1d2 39. c5 bxc5 40. Rxc5
R2d5 41. Rc7 Rxh5 42. Rb7 Rd2 43. Rb8+ Ke7 44. Rb7+ Ke6 45. Rb6+ Rd6 46. Rb7 Rf5
47. f4 Rd2+ 48. Kh3 Rh5+ 49. Kg4 Rhh2 50. Bb5 f5+ 51. Kf3 g5 52. Bc4+ Kd6 53.
fxg5 hxg5 54. Rb6+ Kc7 55. Rg6 Rhf2+ 56. Ke3 f4+ 57. gxf4 gxf4+ 58. Ke4 Rxa2 59.
Kd5 Rad2+ 60. Kc5 Rg2 61. Rc6+ Kd7 0-1

[Event "Bundesliga 2024-25"]
[Site "Munich GER"]
[Date "2024.10.05"]
[Round "1.8"]
[Board "4"]
[White "Krivoborodov, Egor"]
[Black "Gupta, Abhijeet"]
[Result "0-1"]
[WhiteTitle "GM"]
[BlackTitle "GM"]
[WhiteElo "2555"]
[BlackElo "2573"]
[WhiteTeam "SV Deggendorf"]
[BlackTeam "Schachfreunde Deizisau"]
[WhiteFideId "4155890"]
[BlackFideId "5010608"]
[EventDate "2024.10.05"]
[EventType "team"]

1. d4 Nf6 2. Bg5 d5 3. Nd2 Bf5 4. e3 Nbd7 5. c4 e6 6. Qb3 Be7 7. Ngf3 O-O 8. Be2
c5 9. Qxb7 cxd4 10. exd4 Rb8 11. Qxa7 Rxb2 12. c5 Ne4 13. Be3 e5 14. c6 exd4 15.
Bxd4 Bc5 16. Bxc5 Ndxc5 17. O-O Nxd2 18. Qxc5 Nxf1 19. Bxf1 Rc2 20. Qb5 Qf6 21.
Rd1 Be4 22. Nd2 h6 23. a4 Qd4 24. Nxe4 Qxd1 0-1

[Event "Bundesliga 2024-25"]
[Site "Munich GER"]
[Date "2024.10.05"]
[Round "1.8"]
[Board "7"]
[White "Graf, Alexander"]
[Black "Tilicheev, Viacheslav"]
[Result "0-1"]
[WhiteTitle "GM"]
[BlackTitle "GM"]
[WhiteElo "2528"]
[BlackElo "2438"]
[WhiteTeam "Schachfreunde Deizisau"]
[BlackTeam "SV Deggendorf"]
[WhiteFideId "4680804"]
[BlackFideId "24114928"]
[EventDate "2024.10.05"]
[EventType "team"]

1. c4 e6 2. Nc3 d5 3. d4 Nf6 4. cxd5 exd5 5. Bg5 Bb4 6. e3 h6 7. Bh4 g5 8. Bg3
Ne4 9. a3 Nxc3 10. Qb3 Bxa3 11. bxc3 Be7 12. Bd3 c5 13. dxc5 Nd7 14. Bb5 O-O 15.
Bxd7 Qxd7 16. h4 a5 17. hxg5 hxg5 18. Nf3 a4 19. Qb4 Qg4 20. Nd4 Qe4 21. Rh2 Bf6
22. Qb1 Bxd4 23. cxd4 Qxb1+ 24. Rxb1 Bf5 25. Ra1 a3 26. Bd6 Rfc8 27. Be5 Kf8 28.
Rh5 f6 29. Bxf6 Kf7 30. Be5 Kg6 31. Rh1 a2 32. f3 Ra3 33. Kf2 Rca8 34. Rhd1 Rb3
35. Rd2 Bb1 36. e4 dxe4 37. fxe4 Rf8+ 38. Kg1 Re3 39. Rb2 Rf7 40. Raxb1 axb1=Q+
41. Rxb1 Rxe4 42. Rb3 Re2 43. Kh2 Rd2 44. Kh3 Kf5 45. Rf3+ Ke6 46. Rg3 Rh7+ 47.
Kg4 Rh2 48. Kf3 Rd3+ 49. Ke4 Rxg3 50. d5+ Kd7 51. c6+ bxc6 52. dxc6+ Kxc6 53.
Bxg3 Rxg2 54. Kf3 Rg1 55. Bf2 g4+ 56. Kf4 Rf1 57. Kg3 Kd5 58. Ba7 Rf7 59. Bb8
Rg7 60. Bf4 Ke4 61. Bd6 Kf5 62. Bb8 Rb7 63. Bd6 Rd7 64. Bb8 Rd3+ 65. Kg2 Rd2+
66. Kg3 Rb2 67. Bc7 Rb3+ 68. Kg2 Rb7 69. Bd6 Rd7 70. Bb8 Kg5 71. Be5 Rd5 72. Bc7
Rd2+ 73. Kg3 Rd3+ 74. Kg2 Kh4 0-1

[Event "Bundesliga 2024-25"]
[Site "Hamburg GER"]
[Date "2024.10.06"]
[Round "2.3"]
[Board "1"]
[White "Svane, Frederik"]
[Black "Aravindh, Chithambaram VR."]
[Result "1/2-1/2"]
[WhiteTitle "GM"]
[BlackTitle "GM"]
[WhiteElo "2640"]
[BlackElo "2698"]
[WhiteTeam "Hamburger SK"]
[BlackTeam "SC Viernheim"]
[WhiteFideId "12923044"]
[BlackFideId "5072786"]
[EventDate "2024.10.05"]
[EventType "team"]

1. e4 e5 2. Nf3 Nc6 3. Bc4 Nf6 4. d3 d5 5. exd5 Nxd5 6. O-O Bg4 7. Nbd2 f6 8. a4
a6 9. a5 Qd7 10. h3 Be6 11. Ne4 O-O-O 12. Re1 Bg8 13. Bd2 f5 14. Ng3 Bd6 15. Bb3
Nde7 16. Ba4 e4 17. dxe4 Bxg3 18. fxg3 fxe4 19. Rxe4 Bd5 20. Rd4 Bxf3 21. Rxd7
Bxd1 22. Rxd8+ Rxd8 23. Rxd1 Nxa5 24. c3 b5 25. Bc2 Nc4 26. Bc1 Rxd1+ 27. Bxd1
Kd7 28. Kf2 Nd5 29. Kf3 c5 30. Ke4 Nf6+ 31. Kf5 Nd6+ 32. Ke5 Nc4+ 33. Kf5 Nd6+
34. Ke5 Nc4+ 1/2-1/2

[Event "Bundesliga 2024-25"]
[Site "Hamburg GER"]
[Date "2024.10.06"]
[Round "2.3"]
[Board "2"]
[White "Anton Guijarro, David"]
[Black "Svane, Rasmus"]
[Result "1/2-1/2"]
[WhiteTitle "GM"]
[BlackTitle "GM"]
[WhiteElo "2665"]
[BlackElo "2629"]
[WhiteTeam "SC Viernheim"]
[BlackTeam "Hamburger SK"]
[WhiteFideId "2285525"]
[BlackFideId "4657101"]
[EventDate "2024.10.05"]
[EventType "team"]

1. e4 e5 2. Nf3 Nf6 3. Nxe5 d6 4. Nf3 Nxe4 5. d4 d5 6. Bd3 Bf5 7. O-O Be7 8. Re1
O-O 9. Nbd2 Nd6 10. Nf1 Bxd3 11. Qxd3 c6 12. Bf4 Na6 13. Re2 Nc7 14. Rae1 Ne6
15. Bxd6 Bxd6 16. g3 Qf6 17. Ne5 Bxe5 18. Rxe5 Rae8 19. h4 Qd8 20. h5 Nc7 21.
Nh2 f6 22. R5e3 Qd7 23. h6 g6 24. Qa3 Nb5 25. Qb4 Kf7 26. a4 Nd6 27. Qc5 a6 28.
a5 Nf5 29. Rxe8 Rxe8 30. Rxe8 Kxe8 31. Ng4 Kf7 32. Qa7 Qc8 33. Kh2 g5 34. Kh3
Kg6 35. Qc5 Qe8 36. b3 Nxh6 37. Nxh6 Kxh6 38. Qd6 Kg6 39. Qc7 Qe4 40. Kh2 Qxc2
41. Kg2 Qxb3 42. Qc8 Qb4 43. Qg8+ Kh6 44. Qf7 Qxd4 45. Qf8+ Kg6 46. Qe8+ Kh6 47.
Qf8+ Kg6 48. Qe8+ Kf5 49. Qd7+ Ke4 50. Qxh7+ f5 51. g4 Qf6 52. Qxb7 fxg4 53.
Qxa6 Qf3+ 54. Kg1 g3 55. Qb6 Qd1+ 56. Kg2 Qf3+ 57. Kg1 gxf2+ 58. Qxf2 Qd1+ 59.
Kh2 Qa4 60. Qe2+ Kf4 61. Qf2+ Ke5 62. Qb6 Qc2+ 63. Kg3 Qd3+ 64. Kf2 Qd2+ 65. Kg3
Qe1+ 66. Kg2 Qe4+ 67. Kg1 Qe1+ 68. Kg2 Qe4+ 69. Kg1 Qg4+ 70. Kf2 Qf5+ 71. Kg1
Qg4+ 72. Kf2 Qf4+ 73. Kg2 Qd2+ 74. Kg3 Qd3+ 1/2-1/2